Metropolitan Kallistos of Diokleia as dogmatic theologian
The term dogmatic theology' entered Orthodox usage in the nineteenth century as a scholastic concept. A fresh approach, treating dogmatics as fundamentally an aspect of mystical theology, began with Bulgakov and Evdokimov in the mid-twentieth century. Metropolitan Kallistos (Ware) builds on th...
| Main Author: | |
|---|---|
| Format: | Electronic Article |
| Language: | English |
| Check availability: | HBZ Gateway |
| Interlibrary Loan: | Interlibrary Loan for the Fachinformationsdienste (Specialized Information Services in Germany) |
| Published: |
[2019]
|
| In: |
International journal for the study of the Christian church
Year: 2019, Volume: 19, Issue: 4, Pages: 230-239 |
| IxTheo Classification: | CB Christian life; spirituality KAJ Church history 1914-; recent history KDF Orthodox Church NBA Dogmatics |
| Further subjects: | B
personal communion
B Church B Ecumenical Councils B Tradition B Zizioulas B Procession of Holy Spirit B Dogmatic Theology B Romanides B Khomiakov |
| Online Access: |
Volltext (Resolving-System) |
MARC
| LEADER | 00000caa a22000002c 4500 | ||
|---|---|---|---|
| 001 | 1690451297 | ||
| 003 | DE-627 | ||
| 005 | 20240409135009.0 | ||
| 007 | cr uuu---uuuuu | ||
| 008 | 200220s2019 xx |||||o 00| ||eng c | ||
| 024 | 7 | |a 10.1080/1474225X.2019.1675227 |2 doi | |
| 035 | |a (DE-627)1690451297 | ||
| 035 | |a (DE-599)KXP1690451297 | ||
| 040 | |a DE-627 |b ger |c DE-627 |e rda | ||
| 041 | |a eng | ||
| 084 | |a 1 |2 ssgn | ||
| 100 | 1 | |e VerfasserIn |0 (DE-588)139034420 |0 (DE-627)607775920 |0 (DE-576)162826354 |4 aut |a Russell, Norman |d 1945- | |
| 109 | |a Russell, Norman 1945- | ||
| 245 | 1 | 0 | |a Metropolitan Kallistos of Diokleia as dogmatic theologian |
| 264 | 1 | |c [2019] | |
| 336 | |a Text |b txt |2 rdacontent | ||
| 337 | |a Computermedien |b c |2 rdamedia | ||
| 338 | |a Online-Ressource |b cr |2 rdacarrier | ||
| 520 | |a The term dogmatic theology' entered Orthodox usage in the nineteenth century as a scholastic concept. A fresh approach, treating dogmatics as fundamentally an aspect of mystical theology, began with Bulgakov and Evdokimov in the mid-twentieth century. Metropolitan Kallistos (Ware) builds on this, producing in his first book (The Orthodox Church of 1963) what was in effect a dogmatic theology in a new key'. What the West takes to be dogmatic theology is included in the Orthodox understanding of Tradition, which comprises the Bible, the Creeds, the decrees of the Ecumenical Councils and the writings of the Fathers. The full range of Orthodox dogmatic theology thus covers the Trinity (with the Filioque considered unacceptable because it relates the divine unity to the essence, not the persons), the Church (not primarily a hierarchical structure but a mystical body), the Liturgy (which is a better guide to Orthodoxy than any theological treatises), the Last Things, and personal communion with God in prayer. The personal aspect is important: the metropolitan comes to agree with Khomiakov that the Councils do not establish their authority automatically but need to be received' by the faithful, and he has reservations about the eucharistic ecclesiology of Zizioulas because it has little to say about the personal appropriation of grace in Holy Communion. His chief characteristics as a dogmatic theologian are judged to be his lack of dogmatism, his irenic stance, and his apophatic approach. | ||
| 650 | 4 | |a Church | |
| 650 | 4 | |a Ecumenical Councils | |
| 650 | 4 | |a Filioque | |
| 650 | 4 | |a Khomiakov | |
| 650 | 4 | |a Romanides | |
| 650 | 4 | |a Tradition | |
| 650 | 4 | |a Zizioulas | |
| 650 | 4 | |a Dogmatic Theology | |
| 650 | 4 | |a personal communion | |
| 652 | |a CB:KAJ:KDF:NBA | ||
| 773 | 0 | 8 | |i Enthalten in |t International journal for the study of the Christian church |d Abingdon : Routledge, 2001 |g 19(2019), 4, Seite 230-239 |h Online-Ressource |w (DE-627)376275014 |w (DE-600)2130327-7 |w (DE-576)255884532 |x 1747-0234 |7 nnas |
| 773 | 1 | 8 | |g volume:19 |g year:2019 |g number:4 |g pages:230-239 |
| 856 | 4 | 0 | |u https://doi.org/10.1080/1474225X.2019.1675227 |x Resolving-System |7 1 |
| 951 | |a AR | ||
| ELC | |a 1 | ||
| ITA | |a 1 |t 1 | ||
| LOK | |0 000 xxxxxcx a22 zn 4500 | ||
| LOK | |0 001 3596951852 | ||
| LOK | |0 003 DE-627 | ||
| LOK | |0 004 1690451297 | ||
| LOK | |0 005 20200311150448 | ||
| LOK | |0 008 200220||||||||||||||||ger||||||| | ||
| LOK | |0 040 |a DE-Tue135 |c DE-627 |d DE-Tue135 | ||
| LOK | |0 092 |o n | ||
| LOK | |0 852 |a DE-Tue135 | ||
| LOK | |0 852 1 |9 00 | ||
| LOK | |0 935 |a ixzs |a ixzo | ||
| LOK | |0 936ln |0 1442050373 |a KDF | ||
| LOK | |0 936ln |0 1442043768 |a CB | ||
| LOK | |0 936ln |0 1442050993 |a NBA | ||
| LOK | |0 936ln |0 1442044640 |a KAJ | ||
| LOK | |0 939 |a 20-02-20 |b l01 | ||
| ORI | |a SA-MARC-ixtheoa001.raw | ||
| STA | 0 | 0 | |a Procession of Holy Spirit,Tradition,Reminiscence,Rites and ceremonies,Manners and customs |
| STB | 0 | 0 | |a Filioque,Tradition,Rites et cérémonies,Moeurs et coutumes |
| STC | 0 | 0 | |a Filioque,Tradición |
| STD | 0 | 0 | |a Filioque,Tradizione |
| STE | 0 | 0 | |a 传统,和子说,和子句 |
| STF | 0 | 0 | |a 傳統,和子說,和子句 |
| STG | 0 | 0 | |a Filioque,Tradição |
| STH | 0 | 0 | |a Традиция,Филиокве |
| STI | 0 | 0 | |a Filioque,Εκπόρευση του Αγίου Πνεύματος,Παράδοση |
| SYE | 0 | 0 | |a Überlieferung,Rückerinnerung |